000 00413nam a22001217a 4500
082 _a220 PRO
100 _aTalha Ramzan Huzaifa Azhar Mehwish Altaf Hamna Shahid
_971228
245 _aPR-SOF-1748-IoT Based Pulmonary Diagnostic
260 _aISLAMABAD
_bNUST COLLEGE OF EME
_c2018
650 _a DE-ELECT-36 DECLASS
_971229
700 _aPROJECT SUPERVISOR DR. Muhammad Zeeshan DR. Shoab Ahmad
_971230
942 _cCR
999 _c577863
_d577863